Phát triển công nghiệp nông thôn ở Đồng Bằng Sông Cửu Long theo hướng công nghiệp hóa, hiện đại hóa

保存先:
書誌詳細
第一著者: Hoàng Ngọc Hòa
フォーマット: 図書
言語:Undetermined
出版事項: Hà Nội Chính Trị Quốc Gia 2001
主題:
タグ: タグ追加
タグなし, このレコードへの初めてのタグを付けませんか!
Thư viện lưu trữ: Trung tâm Học liệu Trường Đại học Cần Thơ
LEADER 00689nam a2200169Ia 4500
001 CTU_42231
008 210402s9999 xx 000 0 und d
082 |a 338.161 
082 |b H401 
100 |a Hoàng Ngọc Hòa 
245 0 |a Phát triển công nghiệp nông thôn ở Đồng Bằng Sông Cửu Long theo hướng công nghiệp hóa, hiện đại hóa 
245 0 |c Hoàng Ngọc Hòa, Nguyễn Văn Thạo, Phạm Châu Long 
260 |a Hà Nội 
260 |b Chính Trị Quốc Gia 
260 |c 2001 
650 |a crops - postharvest technology,rural economic development 
980 |a Trung tâm Học liệu Trường Đại học Cần Thơ